[Event "Aurora Fall op"]
[Site "Aurora CAN"]
[Date "2017.10.14"]
[Round "1.9"]
[White "Colvin, Andrew"]
[Black "Berengolts, Isai"]
[Result "1/2-1/2"]
[WhiteElo "1764"]
[BlackElo "2163"]
[WhiteFideId "-1"]
[WhiteFideId "-1"]
[PlyCount "48"]
[GameId "2160767908317440"]
[EventDate "2017.10.14"]
[EventType "swiss"]
[EventRounds "5"]
[EventCountry "CAN"]
[SourceTitle "10 Days #522"]
[Source "Chess Mix"]
[SourceDate "2017.10.20"]
[SourceVersion "1"]
[SourceVersionDate "2017.10.20"]
[SourceQuality "1"]

1. d4 Nf6 2. c4 e5 3. dxe5 Ng4 4. Bf4 Nc6 5. Nf3 Bb4+ 6. Nc3 Qe7 7. Qd5 d6 8. exd6 cxd6 9. e3 Be6 10. Qd1 O-O 11. Be2 Rfd8 12. Nd4 Nxd4 13. Bxg4 Nc6 14. Bxe6 Qxe6 15. Qd5 Na5 16. Rc1 Nxc4 17. Qxe6 fxe6 18. b3 Nb6 19. Ke2 Bxc3 20. Rxc3 Nd5 21. Rc2 Nxf4+ 22. exf4 Rac8 23. Rhc1 Rxc2+ 24. Rxc2 Rd7 1/2-1/2

[Event "Aurora Fall op"]
[Site "Aurora CAN"]
[Date "2017.10.14"]
[Round "2.6"]
[White "Liang, Hairan"]
[Black "Colvin, Andrew"]
[Result "1-0"]
[WhiteElo "2194"]
[BlackElo "1764"]
[WhiteFideId "-1"]
[WhiteFideId "-1"]
[PlyCount "55"]
[GameId "2160767908317445"]
[EventDate "2017.10.14"]
[EventType "swiss"]
[EventRounds "5"]
[EventCountry "CAN"]
[SourceTitle "10 Days #522"]
[Source "Chess Mix"]
[SourceDate "2017.10.20"]
[SourceVersion "1"]
[SourceVersionDate "2017.10.20"]
[SourceQuality "1"]

1. e4 e6 2. d4 d5 3. Nd2 c5 4. exd5 Qxd5 5. Ngf3 cxd4 6. Bc4 Qd6 7. O-O Nf6 8. Nb3 Nc6 9. Nbxd4 Nxd4 10. Nxd4 a6 11. Re1 Qc7 12. Bf1 Bd6 13. Nf5 Bxh2+ 14. Kh1 Kf8 15. Qd4 exf5 16. Qxf6 h6 17. Qd4 Bd6 18. Bd2 Be6 19. Bc3 Rh7 20. Rad1 Bc5 21. Qd2 h5 22. Be5 Qc6 23. b4 Ba7 24. c4 h4 25. b5 axb5 26. cxb5 Qb6 27. Qb4+ Kg8 28. Bd4 1-0

[Event "Aurora Fall op"]
[Site "Aurora CAN"]
[Date "2017.10.14"]
[Round "3.4"]
[White "Noritsyn, Sergey"]
[Black "Dukic, Zachary"]
[Result "0-1"]
[WhiteElo "2074"]
[BlackElo "2020"]
[WhiteFideId "-1"]
[WhiteFideId "-1"]
[PlyCount "50"]
[GameId "2160767908317449"]
[EventDate "2017.10.14"]
[EventType "swiss"]
[EventRounds "5"]
[EventCountry "CAN"]
[SourceTitle "10 Days #522"]
[Source "Chess Mix"]
[SourceDate "2017.10.20"]
[SourceVersion "1"]
[SourceVersionDate "2017.10.20"]
[SourceQuality "1"]

1. e4 e5 2. Nf3 Nc6 3. d4 exd4 4. Nxd4 Bb4+ 5. c3 Bc5 6. Be3 Bb6 7. Nd2 Nf6 8. Bd3 O-O 9. Qe2 d5 10. Nxc6 bxc6 11. O-O-O Ng4 12. Nf3 Qe8 13. Bxb6 axb6 14. h3 Nf6 15. e5 Ne4 16. Kb1 Bf5 17. g4 Bg6 18. h4 h5 19. Rdg1 Qe6 20. Nd4 Qxe5 21. Ka1 c5 22. Nc6 Nxc3 23. bxc3 Qxc3+ 24. Qb2 Rxa2+ 25. Kxa2 Ra8+ 0-1

[Event "Aurora Fall op"]
[Site "Aurora CAN"]
[Date "2017.10.14"]
[Round "3.6"]
[White "Chakkoli, Shiva"]
[Black "Berengolts, Isai"]
[Result "1-0"]
[WhiteElo "1669"]
[BlackElo "2163"]
[WhiteFideId "-1"]
[WhiteFideId "-1"]
[PlyCount "37"]
[GameId "2160767908317450"]
[EventDate "2017.10.14"]
[EventType "swiss"]
[EventRounds "5"]
[EventCountry "CAN"]
[SourceTitle "10 Days #522"]
[Source "Chess Mix"]
[SourceDate "2017.10.20"]
[SourceVersion "1"]
[SourceVersionDate "2017.10.20"]
[SourceQuality "1"]

1. e4 c5 2. f4 e6 3. Nf3 d5 4. e5 Nc6 5. c3 Nge7 6. Bb5 a6 7. Ba4 b5 8. Bc2 d4 9. Qe2 Nd5 10. Be4 Bb7 11. d3 Be7 12. O-O g6 13. c4 bxc4 14. dxc4 Ndb4 15. a3 d3 16. Qd2 Qa5 17. b3 Rd8 18. Bb2 Nc2 19. Bxc6+ 1-0

[Event "Aurora Fall op"]
[Site "Aurora CAN"]
[Date "2017.10.14"]
[Round "3.7"]
[White "Colvin, Andrew"]
[Black "Maulucci, Anthony"]
[Result "1/2-1/2"]
[WhiteElo "1764"]
[BlackElo "1847"]
[WhiteFideId "-1"]
[WhiteFideId "-1"]
[PlyCount "22"]
[GameId "2160767908317451"]
[EventDate "2017.10.14"]
[EventType "swiss"]
[EventRounds "5"]
[EventCountry "CAN"]
[SourceTitle "10 Days #522"]
[Source "Chess Mix"]
[SourceDate "2017.10.20"]
[SourceVersion "1"]
[SourceVersionDate "2017.10.20"]
[SourceQuality "1"]

1. d4 d5 2. c4 e6 3. Nc3 Nf6 4. Nf3 c6 5. e3 Nbd7 6. Bd3 dxc4 7. Bxc4 b5 8. Bd3 a6 9. O-O Bd6 10. e4 e5 11. Bg5 O-O 1/2-1/2

[Event "Aurora Fall op"]
[Site "Aurora CAN"]
[Date "2017.10.15"]
[Round "4.8"]
[White "Feng, Richard"]
[Black "Noritsyn, Sergey"]
[Result "0-1"]
[WhiteElo "1681"]
[BlackElo "2074"]
[WhiteFideId "-1"]
[WhiteFideId "-1"]
[PlyCount "64"]
[GameId "2160767908317454"]
[EventDate "2017.10.14"]
[EventType "swiss"]
[EventRounds "5"]
[EventCountry "CAN"]
[SourceTitle "10 Days #522"]
[Source "Chess Mix"]
[SourceDate "2017.10.20"]
[SourceVersion "1"]
[SourceVersionDate "2017.10.20"]
[SourceQuality "1"]

1. e4 c5 2. Nf3 d6 3. d4 cxd4 4. Nxd4 Nf6 5. Nc3 a6 6. Bc4 e6 7. O-O b5 8. Bb3 Be7 9. Qf3 Qc7 10. Qg3 b4 11. Nce2 Nxe4 12. Qxg7 Bf6 13. Qg4 Bb7 14. Be3 Nd7 15. Bxe6 fxe6 16. Qxe6+ Kd8 17. Qb3 Ndc5 18. Qxb4 Rg8 19. Ne6+ Nxe6 20. Bb6 a5 21. Bxc7+ Kxc7 22. Qe1 Rxg2+ 23. Kxg2 Rg8+ 24. Ng3 Nxg3+ 25. f3 Nf4+ 26. Kg1 Bd4+ 27. Rf2 Nh3+ 28. Kg2 Ne4+ 29. Kxh3 Bc8+ 30. Kh4 Bf6+ 31. Kh5 Rg5+ 32. Kh4 Re5# 0-1

[Event "Aurora Fall op"]
[Site "Aurora CAN"]
[Date "2017.10.15"]
[Round "5.6"]
[White "Chakkoli, Shiva"]
[Black "Dukic, Zachary"]
[Result "0-1"]
[WhiteElo "1669"]
[BlackElo "2020"]
[WhiteFideId "-1"]
[WhiteFideId "-1"]
[PlyCount "46"]
[GameId "2160767908317457"]
[EventDate "2017.10.14"]
[EventType "swiss"]
[EventRounds "5"]
[EventCountry "CAN"]
[SourceTitle "10 Days #522"]
[Source "Chess Mix"]
[SourceDate "2017.10.20"]
[SourceVersion "1"]
[SourceVersionDate "2017.10.20"]
[SourceQuality "1"]

1. e4 e5 2. Nf3 Nc6 3. Bb5 a6 4. Bxc6 dxc6 5. O-O Ne7 6. Re1 Ng6 7. d4 Bg4 8. c3 Nh4 9. Qd3 Bxf3 10. gxf3 exd4 11. f4 dxc3 12. Qxc3 Qd4 13. Qh3 Be7 14. Nc3 Rd8 15. Be3 Qb4 16. Re2 f5 17. f3 O-O 18. a3 Qc4 19. Kf2 Ng6 20. Rc1 Bc5 21. Ke1 Bxe3 22. Rxe3 Nxf4 23. Qf1 Nd3+ 0-1

[Event "Aurora Fall op"]
[Site "Aurora CAN"]
[Date "2017.10.15"]
[Round "5.9"]
[White "Rusonik, Max"]
[Black "Jiang, Brian"]
[Result "1-0"]
[WhiteElo "1749"]
[BlackElo "1766"]
[WhiteFideId "-1"]
[WhiteFideId "-1"]
[PlyCount "39"]
[GameId "2160767908317458"]
[EventDate "2017.10.14"]
[EventType "swiss"]
[EventRounds "5"]
[EventCountry "CAN"]
[SourceTitle "10 Days #522"]
[Source "Chess Mix"]
[SourceDate "2017.10.20"]
[SourceVersion "1"]
[SourceVersionDate "2017.10.20"]
[SourceQuality "1"]

1. e4 c5 2. Nf3 Nc6 3. d4 cxd4 4. Nxd4 g6 5. c4 Nf6 6. Nc3 Nxd4 7. Qxd4 d6 8. Bg5 Bg7 9. Be2 O-O 10. Qe3 Qa5 11. O-O Be6 12. Rac1 Rac8 13. b3 Rfe8 14. Bh6 Bh8 15. Kh1 Nd7 16. f4 Qc5 17. f5 Bd4 18. Qh3 Bxc4 19. Bxc4 Ne5 20. Ne2 1-0

[Event "Aurora Fall op"]
[Site "Aurora CAN"]
[Date "2017.10.15"]
[Round "5.10"]
[White "Colvin, Andrew"]
[Black "Feng, Richard"]
[Result "1/2-1/2"]
[WhiteElo "1764"]
[BlackElo "1681"]
[WhiteFideId "-1"]
[WhiteFideId "-1"]
[PlyCount "43"]
[GameId "2160767908317459"]
[EventDate "2017.10.14"]
[EventType "swiss"]
[EventRounds "5"]
[EventCountry "CAN"]
[SourceTitle "10 Days #522"]
[Source "Chess Mix"]
[SourceDate "2017.10.20"]
[SourceVersion "1"]
[SourceVersionDate "2017.10.20"]
[SourceQuality "1"]

1. d4 f5 2. c4 Nf6 3. Nc3 g6 4. Nf3 Bg7 5. g3 d6 6. Bg2 O-O 7. O-O Qe8 8. d5 Na6 9. Nd4 e5 10. dxe6 c6 11. Bf4 Bxe6 12. Bxd6 Rd8 13. c5 Ne4 14. Nxe4 fxe4 15. e3 Bc4 16. Bxf8 Bxf8 17. Rc1 Bxf1 18. Qb3+ Qf7 19. Bxf1 Nxc5 20. Rxc5 Bxc5 21. Bc4 Rd5 22. Bxd5 1/2-1/2

[Event "Aurora Fall op U2000"]
[Site "Aurora CAN"]
[Date "2017.10.14"]
[Round "1"]
[White "Shah, Omar"]
[Black "Zhao, Jeffrey Renfei"]
[Result "0-1"]
[WhiteElo "1897"]
[BlackElo "1717"]
[WhiteFideId "-1"]
[WhiteFideId "-1"]
[PlyCount "78"]
[GameId "2160767908317460"]
[EventDate "2017.10.14"]
[EventType "swiss"]
[EventRounds "5"]
[EventCountry "CAN"]
[SourceTitle "hb 2019"]

1. c4 Nf6 2. Nc3 g6 3. e4 d6 4. d4 Bg7 5. Nf3 O-O 6. Be2 e5 7. d5 a5 8. O-O Na6 9. Bg5 h6 10. Be3 Ng4 11. Bd2 f5 12. Ne1 Nf6 13. f3 Nc5 14. Nd3 fxe4 15. Nxc5 exf3 16. Bxf3 dxc5 17. Be3 Qe7 18. Qd2 e4 19. Be2 Kh7 20. Rf4 Bf5 21. Raf1 Rad8 22. Qe1 b6 23. Kh1 Rde8 24. Qc1 Qd7 25. Qd1 Qe7 26. Qc1 Bc8 27. Bd1 g5 28. R4f2 Ng4 29. Bxg4 Bxg4 30. Qc2 Rxf2 31. Rxf2 Kg8 32. a3 Bd4 33. Qd2 Qe5 34. Nb5 Bxe3 35. Qxe3 Rf8 36. Rxf8+ Kxf8 37. Nc3 Bf5 38. g4 Bxg4 39. Qxe4 Qxe4+ 0-1

[Event "Aurora Fall op U2000"]
[Site "Aurora CAN"]
[Date "2017.10.14"]
[Round "2"]
[White "Liu, Henry"]
[Black "Shah, Omar"]
[Result "1-0"]
[WhiteElo "1602"]
[BlackElo "1897"]
[WhiteFideId "-1"]
[WhiteFideId "-1"]
[PlyCount "83"]
[GameId "2160767908317461"]
[EventDate "2017.10.14"]
[EventType "swiss"]
[EventRounds "5"]
[EventCountry "CAN"]
[SourceTitle "hb 2019"]

1. c4 c5 2. Nf3 b6 3. d4 cxd4 4. Nxd4 Bb7 5. Bf4 a6 6. Nc3 Nf6 7. Rc1 e6 8. e3 Be7 9. a3 O-O 10. Bd3 d6 11. Nb3 Nbd7 12. O-O Rc8 13. Na4 Qc7 14. f3 Nh5 15. Be4 Nxf4 16. exf4 Bxe4 17. fxe4 Qc6 18. Nd2 Bf6 19. Kh1 Qb7 20. Nf3 Be7 21. Qe2 Rc7 22. Rc2 Qc6 23. b3 Rfc8 24. Rfc1 Nc5 25. Nxc5 Qxc5 26. b4 Qh5 27. Qd3 Qh6 28. g3 Qh3 29. Ng1 Qg4 30. Kg2 Qg6 31. Nf3 h5 32. Kf2 Qg4 33. c5 bxc5 34. Qxa6 h4 35. Qd3 hxg3+ 36. hxg3 Qg6 37. bxc5 d5 38. Ne5 Qh7 39. exd5 Qh2+ 40. Kf3 Qh5+ 41. Kg2 exd5 42. Rh1 1-0

[Event "Aurora Fall op U2000"]
[Site "Aurora CAN"]
[Date "2017.10.14"]
[Round "3"]
[White "Shah, Omar"]
[Black "Robertson, Kole"]
[Result "0-1"]
[WhiteElo "1897"]
[BlackElo "1632"]
[WhiteFideId "-1"]
[WhiteFideId "-1"]
[PlyCount "28"]
[GameId "2160767908317462"]
[EventDate "2017.10.14"]
[EventType "swiss"]
[EventRounds "5"]
[EventCountry "CAN"]
[SourceTitle "hb 2019"]

1. c4 e6 2. Nc3 d5 3. g3 c6 4. d4 f5 5. Bg2 Nf6 6. cxd5 exd5 7. Nh3 Be7 8. Qb3 Qb6 9. Qd1 O-O 10. O-O Be6 11. Nf4 Bf7 12. h4 Ne4 13. Na4 Qc7 14. f3 Nxg3 0-1

[Event "Aurora Fall op U2000"]
[Site "Aurora CAN"]
[Date "2017.10.15"]
[Round "4"]
[White "Gao, Raymond"]
[Black "Shah, Omar"]
[Result "0-1"]
[WhiteElo "1547"]
[BlackElo "1897"]
[WhiteFideId "-1"]
[WhiteFideId "-1"]
[PlyCount "74"]
[GameId "2160767908317463"]
[EventDate "2017.10.14"]
[EventType "swiss"]
[EventRounds "5"]
[EventCountry "CAN"]
[SourceTitle "hb 2019"]

1. e4 c5 2. Nf3 d6 3. Bb5+ Nd7 4. O-O a6 5. Bxd7+ Bxd7 6. d4 cxd4 7. Qxd4 Nf6 8. c4 Bc6 9. Nc3 e6 10. Bg5 Be7 11. Rad1 O-O 12. Rfe1 Qa5 13. Qe3 Rfd8 14. e5 Ng4 15. Qf4 Bxf3 16. Qxf3 Bxg5 17. Qxg4 Be7 18. Qe4 Qb4 19. exd6 Bxd6 20. Qf3 Bc5 21. b3 Qa5 22. Re5 Bxf2+ 23. Kxf2 Qxe5 24. Rf1 Qd4+ 25. Kg3 Qd3 26. Qxd3 Rxd3+ 27. Rf3 Rad8 28. Ne4 b6 29. Rxd3 Rxd3+ 30. Kf2 Kf8 31. Ke2 Rd4 32. Nc3 Ke7 33. Ke3 Rd7 34. a4 f5 35. g3 g5 36. h3 Kd6 37. b4 Ke5 0-1

[Event "Aurora Fall op U2000"]
[Site "Aurora CAN"]
[Date "2017.10.15"]
[Round "5"]
[White "Shah, Omar"]
[Black "Chang, Martin"]
[Result "0-1"]
[WhiteElo "1897"]
[BlackElo "1705"]
[WhiteFideId "-1"]
[WhiteFideId "-1"]
[PlyCount "90"]
[GameId "2160767908317464"]
[EventDate "2017.10.14"]
[EventType "swiss"]
[EventRounds "5"]
[EventCountry "CAN"]
[SourceTitle "hb 2019"]

1. c4 c5 2. Nf3 Nf6 3. d4 d5 4. cxd5 Nxd5 5. e4 Nc7 6. Bc4 e6 7. O-O Be7 8. Be3 cxd4 9. Nxd4 O-O 10. Nc3 Bd7 11. Qb3 Nc6 12. Nxc6 Bxc6 13. Rad1 Qc8 14. a4 Na6 15. Qc2 Nb4 16. Qe2 a5 17. Bb6 Bd8 18. Bc5 Re8 19. Bd4 e5 20. Be3 Bf6 21. Bb6 Bd8 22. Be3 Bf6 23. h4 Qc7 24. h5 Rac8 25. b3 Bd7 26. Nd5 Nxd5 27. Rxd5 Be6 28. Rfd1 Bxd5 29. exd5 Qd6 30. Ba7 h6 31. Qe1 b6 32. Qe3 Bd8 33. Qh3 Ra8 34. Bd3 e4 35. Re1 Bc7 36. Rxe4 Rxe4 37. Bxe4 Re8 38. Qf5 g6 39. hxg6 fxg6 40. Qg4 h5 41. Qh4 Kg7 42. g3 Ra8 43. Bd3 Rxa7 44. Qd4+ Qe5 45. Qc4 Bd6 0-1

[Event "Aurora Spring op"]
[Site "Aurora CAN"]
[Date "2017.04.01"]
[Round "1.3"]
[White "Noritsyn, Sergey"]
[Black "Maulucci, Anthony"]
[Result "1-0"]
[WhiteElo "2097"]
[BlackElo "1813"]
[WhiteFideId "-1"]
[WhiteFideId "-1"]
[PlyCount "67"]
[GameId "2160767908412248"]
[EventDate "2017.04.01"]
[EventType "swiss"]
[EventRounds "5"]
[EventCountry "CAN"]
[SourceTitle "EXT 2022"]
[Source "ChessBase"]
[SourceDate "2021.10.06"]
[SourceVersion "1"]
[SourceVersionDate "2021.10.06"]
[SourceQuality "1"]

1. e4 e6 2. d4 d5 3. Nc3 Nf6 4. Bg5 dxe4 5. Nxe4 Be7 6. Bxf6 Bxf6 7. Nf3 O-O 8. c3 Nd7 9. Bd3 Be7 10. h4 c5 11. Qe2 cxd4 12. Nxd4 Ne5 13. Bc2 f5 14. Ng5 Bxg5 15. hxg5 Nf7 16. f4 e5 17. Nxf5 Bxf5 18. Bxf5 Nxg5 19. Qc4+ Kh8 20. Bxh7 Nxh7 21. Qe4 Kg8 22. Qxh7+ Kf7 23. fxe5 Qg5 24. Qe4 Qg3+ 25. Ke2 Rae8 26. Raf1+ Ke6 27. Rxf8 Rxf8 28. Qc4+ Ke7 29. Qc7+ Ke8 30. Qb8+ Ke7 31. Qd6+ Ke8 32. Qe6+ Kd8 33. Rd1+ Kc7 34. Rd7+ 1-0

[Event "Aurora Spring op"]
[Site "Aurora CAN"]
[Date "2017.04.01"]
[Round "1.4"]
[White "Ranola, Alberto"]
[Black "Li, William"]
[Result "1-0"]
[WhiteElo "1871"]
[BlackElo "2011"]
[WhiteFideId "-1"]
[WhiteFideId "-1"]
[PlyCount "131"]
[GameId "2160767908412249"]
[EventDate "2017.04.01"]
[EventType "swiss"]
[EventRounds "5"]
[EventCountry "CAN"]
[SourceTitle "EXT 2022"]
[Source "ChessBase"]
[SourceDate "2021.10.06"]
[SourceVersion "1"]
[SourceVersionDate "2021.10.06"]
[SourceQuality "1"]

1. Nf3 Nf6 2. c4 e6 3. g3 d5 4. Bg2 d4 5. O-O Be7 6. b4 O-O 7. Bb2 c5 8. d3 Re8 9. Nbd2 Nc6 10. bxc5 e5 11. Nb3 Nd7 12. Ba3 a5 13. Rb1 a4 14. Nbd2 Bxc5 15. Bxc5 Nxc5 16. Qc2 Qe7 17. Rfd1 f5 18. e3 dxe3 19. fxe3 e4 20. dxe4 fxe4 21. Nd4 Qg5 22. Nf1 Bg4 23. Rd2 Ne5 24. Rb5 Ned7 25. h3 Bh5 26. g4 Bg6 27. Ne2 Re5 28. Nf4 Nd3 29. Nxg6 Qxg6 30. Bxe4 Rxe4 31. Qxd3 Ne5 32. Qd5+ Kh8 33. Rf2 h5 34. Rf4 Rxf4 35. exf4 Nc6 36. Qxh5+ Qxh5 37. Rxh5+ Kg8 38. Rb5 Nd4 39. Rxb7 Ne2+ 40. Kf2 Nxf4 41. h4 a3 42. Ne3 Nd3+ 43. Ke2 Nc1+ 44. Kd2 Nxa2 45. Kc2 Nb4+ 46. Kb1 a2+ 47. Ka1 Ra3 48. Rxb4 Rxe3 49. Kxa2 Re4 50. Kb3 Rxg4 51. c5 Rg3+ 52. Kc4 Kf8 53. Kb5 Ke8 54. Rd4 Rb3+ 55. Ka6 Ra3+ 56. Kb7 Rb3+ 57. Kc7 Rb1 58. Re4+ Kf7 59. c6 Rc1 60. Kd7 Rd1+ 61. Kc8 Kf6 62. c7 Rb1 63. Kd7 Rd1+ 64. Kc6 Rc1+ 65. Kd6 Kf7 66. Re5 1-0

[Event "Aurora Spring op"]
[Site "Aurora CAN"]
[Date "2017.04.01"]
[Round "2.3"]
[White "Li, William"]
[Black "Kang, Dorian"]
[Result "1-0"]
[WhiteElo "2011"]
[BlackElo "1623"]
[WhiteFideId "-1"]
[WhiteFideId "-1"]
[PlyCount "55"]
[GameId "2160767908412252"]
[EventDate "2017.04.01"]
[EventType "swiss"]
[EventRounds "5"]
[EventCountry "CAN"]
[SourceTitle "EXT 2022"]
[Source "ChessBase"]
[SourceDate "2021.10.06"]
[SourceVersion "1"]
[SourceVersionDate "2021.10.06"]
[SourceQuality "1"]

1. e4 c5 2. Nf3 Nc6 3. c3 Nf6 4. e5 Nd5 5. d4 cxd4 6. Bc4 Nb6 7. Bb3 d5 8. exd6 Qxd6 9. O-O d3 10. Be3 e6 11. Na3 Nd5 12. Nb5 Qb8 13. Bxd5 exd5 14. Ng5 a6 15. Nxf7 axb5 16. Nxh8 g6 17. Re1 Be6 18. Qf3 Qc8 19. Bg5 Be7 20. Bxe7 Nxe7 21. Qf6 Ra6 22. Nf7 d2 23. Re2 Rxa2 24. Rd1 Ra6 25. Ng5 Qc4 26. Rxe6 Rxe6 27. Qxe6 Qd3 28. Qe3 1-0

[Event "Aurora Spring op"]
[Site "Aurora CAN"]
[Date "2017.04.01"]
[Round "2.4"]
[White "Calvelo, Jelvis"]
[Black "Maulucci, Anthony"]
[Result "1/2-1/2"]
[WhiteElo "2020"]
[BlackElo "1813"]
[WhiteFideId "-1"]
[WhiteFideId "-1"]
[PlyCount "132"]
[GameId "2160767908412253"]
[EventDate "2017.04.01"]
[EventType "swiss"]
[EventRounds "5"]
[EventCountry "CAN"]
[SourceTitle "EXT 2022"]
[Source "ChessBase"]
[SourceDate "2021.10.06"]
[SourceVersion "1"]
[SourceVersionDate "2021.10.06"]
[SourceQuality "1"]

1. c4 Nf6 2. d4 e6 3. Nf3 d5 4. Qc2 dxc4 5. Qxc4 a6 6. a4 b5 7. Qc2 b4 8. e4 Bb7 9. Bd3 Nbd7 10. e5 Nd5 11. Nbd2 c5 12. Nc4 cxd4 13. Bg5 Qc7 14. O-O h6 15. Bd2 Nc5 16. Rac1 Nxd3 17. Qxd3 Qd7 18. a5 Be7 19. Qxd4 Rc8 20. Rfd1 Bc5 21. Qg4 g6 22. Be3 Nxe3 23. fxe3 Bd5 24. Kf2 Qb7 25. Qf4 Be7 26. Nb6 Rxc1 27. Rxc1 g5 28. Qd4 O-O 29. Nxd5 exd5 30. Qd3 Rc8 31. Rxc8+ Qxc8 32. Nd4 Qc4 33. Qf5 Bc5 34. b3 Qc3 35. Nc2 Qxb3 36. e6 fxe6 37. Qxe6+ Kg7 38. Qd7+ Kg8 39. Qc8+ Bf8 40. Nd4 Qc3 41. Qe6+ Kh8 42. Qxd5 Qd2+ 43. Kf3 g4+ 44. Kxg4 Qxe3 45. Nb3 Qe2+ 46. Kf5 Qh5+ 47. Ke4 Qe2+ 48. Kf4 Qf2+ 49. Kg4 Qe2+ 50. Kh3 Qe3+ 51. g3 Qc3 52. Qe6 Bg7 53. Kg4 Qd3 54. Qc8+ Kh7 55. Qf5+ Qxf5+ 56. Kxf5 Bc3 57. g4 Be1 58. g5 hxg5 59. Kxg5 Bf2 60. Kf4 Be1 61. Ke4 Kh6 62. Kd5 Kh5 63. Kc6 Kg4 64. Kb6 Bh4 65. Kxa6 Bd8 66. Nd2 Kh3 1/2-1/2

[Event "Aurora Spring op"]
[Site "Aurora CAN"]
[Date "2017.04.01"]
[Round "3.2"]
[White "Ranola, Alberto"]
[Black "Noritsyn, Sergey"]
[Result "1-0"]
[WhiteElo "1871"]
[BlackElo "2097"]
[WhiteFideId "-1"]
[WhiteFideId "-1"]
[PlyCount "91"]
[GameId "2160767908412255"]
[EventDate "2017.04.01"]
[EventType "swiss"]
[EventRounds "5"]
[EventCountry "CAN"]
[SourceTitle "EXT 2022"]
[Source "ChessBase"]
[SourceDate "2021.10.06"]
[SourceVersion "1"]
[SourceVersionDate "2021.10.06"]
[SourceQuality "1"]

1. Nf3 Nf6 2. c4 c5 3. g3 d6 4. Bg2 Nc6 5. Nc3 e6 6. O-O Be7 7. d4 O-O 8. d5 Nb8 9. e4 e5 10. h3 Bd7 11. Ne1 Qc8 12. Kh2 Ne8 13. f4 f5 14. Nd3 fxe4 15. Nxe4 exf4 16. Bxf4 Bf5 17. Qe2 Nd7 18. Rae1 Ndf6 19. Ng5 Bd8 20. Ne6 Bxe6 21. dxe6 Be7 22. g4 Kh8 23. g5 Ng8 24. Qh5 g6 25. Qg4 Ng7 26. Bd2 Rxf1 27. Bxf1 Qc7 28. Kh1 Rf8 29. Bg2 a6 30. Nf4 Rf5 31. Nd5 Qd8 32. h4 Qf8 33. Bc3 b5 34. b3 b4 35. Ba1 Rf2 36. Kg1 Rxa2 37. Rf1 Qe8 38. Bxg7+ Kxg7 39. Rf7+ Kh8 40. Nf6 Bxf6 41. gxf6 Nh6 42. Re7 Ra1+ 43. Bf1 Qd8 44. Qg5 Ng8 45. f7 h6 46. fxg8=Q+ 1-0

[Event "Aurora Spring op"]
[Site "Aurora CAN"]
[Date "2017.04.01"]
[Round "3.3"]
[White "Kang, Dorian"]
[Black "Calvelo, Jelvis"]
[Result "0-1"]
[WhiteElo "1623"]
[BlackElo "2020"]
[WhiteFideId "-1"]
[WhiteFideId "-1"]
[PlyCount "38"]
[GameId "2160767908412256"]
[EventDate "2017.04.01"]
[EventType "swiss"]
[EventRounds "5"]
[EventCountry "CAN"]
[SourceTitle "EXT 2022"]
[Source "ChessBase"]
[SourceDate "2021.10.06"]
[SourceVersion "1"]
[SourceVersionDate "2021.10.06"]
[SourceQuality "1"]

1. c4 e5 2. Nc3 f5 3. d4 e4 4. e3 Nf6 5. Nge2 c6 6. Qb3 a6 7. a4 a5 8. c5 d5 9. cxd6 Bxd6 10. Ng1 Na6 11. Bc4 Qe7 12. Bd2 Nb4 13. O-O-O Bd7 14. f3 Rb8 15. Nh3 b5 16. axb5 cxb5 17. Be2 a4 18. Nxa4 bxa4 19. Qc3 Na2+ 0-1

[Event "Aurora Spring op"]
[Site "Aurora CAN"]
[Date "2017.04.02"]
[Round "4.3"]
[White "Maulucci, Anthony"]
[Black "Li, William"]
[Result "0-1"]
[WhiteElo "1813"]
[BlackElo "2011"]
[WhiteFideId "-1"]
[WhiteFideId "-1"]
[PlyCount "78"]
[GameId "2160767908412258"]
[EventDate "2017.04.01"]
[EventType "swiss"]
[EventRounds "5"]
[EventCountry "CAN"]
[SourceTitle "EXT 2022"]
[Source "ChessBase"]
[SourceDate "2021.10.06"]
[SourceVersion "1"]
[SourceVersionDate "2021.10.06"]
[SourceQuality "1"]

1. d4 Nf6 2. c4 e6 3. Nc3 Bb4 4. e3 b6 5. Bd3 Bb7 6. Nf3 O-O 7. O-O c5 8. Bd2 cxd4 9. exd4 d5 10. cxd5 Nxd5 11. a3 Be7 12. Ne4 h6 13. Qc1 f5 14. Ng3 Bd6 15. Re1 Qf6 16. Ne5 Bxe5 17. dxe5 Qe7 18. Qd1 Rd8 19. Nxf5 exf5 20. Qf3 Nd7 21. Qxf5 Nf8 22. e6 Qf6 23. Qg4 Bc8 24. Bf5 g6 25. e7 Nxe7 26. Qc4+ Qf7 27. Qxf7+ Kxf7 28. Bxc8 Rxd2 29. Bb7 Rad8 30. b4 Ne6 31. g3 R8d7 32. Ba6 Kf6 33. Kg2 Rc7 34. Re3 Nf5 35. Rf3 Ned4 36. Rf4 g5 37. Re4 Rcc2 38. Rf1 Rc3 39. g4 Ne3+ 0-1

[Event "Aurora Spring op"]
[Site "Aurora CAN"]
[Date "2017.04.02"]
[Round "4.4"]
[White "Noritsyn, Sergey"]
[Black "Kang, Dorian"]
[Result "1-0"]
[WhiteElo "2097"]
[BlackElo "1623"]
[WhiteFideId "-1"]
[WhiteFideId "-1"]
[PlyCount "87"]
[GameId "2160767908412259"]
[EventDate "2017.04.01"]
[EventType "swiss"]
[EventRounds "5"]
[EventCountry "CAN"]
[SourceTitle "EXT 2022"]
[Source "ChessBase"]
[SourceDate "2021.10.06"]
[SourceVersion "1"]
[SourceVersionDate "2021.10.06"]
[SourceQuality "1"]

1. e4 c5 2. Nf3 Nc6 3. c3 Nf6 4. e5 Nd5 5. d4 cxd4 6. cxd4 d6 7. Bc4 Nb6 8. Bb3 d5 9. h3 Bf5 10. Nc3 e6 11. O-O Be7 12. Ne1 h5 13. Nc2 Nc4 14. Ne3 Nxe3 15. fxe3 Bg6 16. Qf3 O-O 17. Ne2 Bg5 18. Qg3 Bh4 19. Qf3 f6 20. Nf4 fxe5 21. dxe5 Nxe5 22. Qe2 Qe8 23. Bd2 Bg3 24. Bb4 Rf7 25. Nxg6 Rxf1+ 26. Rxf1 Qxg6 27. Bc2 Qg5 28. Bb1 Nc4 29. Qf3 Qxe3+ 30. Qxe3 Nxe3 31. Rf3 Rc8 32. Rxg3 Rc1+ 33. Kf2 Nd1+ 34. Ke2 Rxb1 35. Ba3 d4 36. Rd3 Ne3 37. Rxd4 Nxg2 38. Kf2 e5 39. Rd8+ Kf7 40. Kxg2 Ra1 41. Rd7+ Kf6 42. Rxb7 Rxa2 43. Rxa7 g5 44. Be7+ 1-0